100 Greatest NHL Players - Statistics

General Stats
  • This quiz has been taken 971 times
  • The average score is 44 of 100
Answer Stats
Team Era Player % Correct
Washington Capitals 2010's Alex Ovechkin
91%
Pittsburgh Penguins 2010's Sidney Crosby
91%
Edmonton Oilers/ Los Angeles Kings 1980's Wayne Gretzky
91%
Chicago Blackhawks 2010's Patrick Kane
89%
Chicago Blackhawks 2010's Jonathan Toews
81%
Pittsburgh Penguins/ Florida Panthers 2010's Jaromir Jagr
79%
Pittsburgh Penguins 1990's Mario Lemieux
78%
Chicago Blackhawks 1970's Bobby Hull
76%
St. Louis Blues 1990's Brett Hull
76%
Colorado Avalanche 1990's Joe Sakic
74%
Edmonton Oilers/ New York Rangers 1980's Mark Messier
74%
New Jersey Devils 2000's Martin Brodeur
73%
Mighty Ducks of Anahiem/ Winnipeg Jets 2000's Teemu Selanne
73%
Boston Bruins 1970's Bobby Orr
72%
Detroit Red Wings 1917-1967 Gordie Howe
72%
Montreal Canadiens/ Colorado Avalanche 1990's Patrick Roy
72%
Detroit Red Wings 1990's Steve Yzerman
72%
Montreal Canadiens 1917-1967 Henri Richard
66%
Montreal Canadiens 1917-1967 Maurice Richard
66%
Dallas Stars 1990's Mike Modano
65%
Edmonton Oilers 1980's Jari Kurri
63%
Buffalo Sabres 1990's Dominik Hasek
62%
Montreal Canadiens 1970's Guy Lafleur
62%
Detroit Red Wings 2000's Nicklas Lidstrom
62%
Colorado Avalanche 1990's Peter Forsberg
62%
Boston Bruins 1970's Phil Esposito
62%
Chicago Blackhawks 1970's Tony Esposito
62%
Chicago Blackhawks 2010's Duncan Keith
61%
New York Islanders 1980's Mike Bossy
61%
Toronto Maple Leafs 1990's Mats Sundin
60%
Detroit Red Wings 2000's Pavel Datsyuk
59%
Philedelphia Flyers 1990's Eric Lindros
58%
Boston Bruins 1980's Ray Bourque
55%
Edmonton Oilers 1980's Paul Coffey
54%
Vancouver Canucks 1990's Pavel Bure
54%
Los Angeles Kings 1990's Luc Robitaille
53%
Los Angeles Kings 1970's Marcel Dionne
53%
Philedelphia Flyers 1970's Bobby Clarke
52%
Chicago Blackhawks 1970's Stan Mikita
52%
Pittsburgh Penguins/ Carolina Hurricanes 1990's Ron Francis
51%
New York Islanders/ Pittsburgh Penguins 1980's Bryan Trottier
50%
New Jersey Devils 1990's Scott Stevens
49%
Edmonton Oilers 1980's Grant Fuhr
48%
New York Islanders 1980's Billy Smith
47%
Detroit Red Wings/ Chicago Blackhawks 1990's Chris Chelios
47%
Mighty Ducks of Anahiem/ St Louis Blues 2000's Chris Pronger
45%
Detroit Red Wings 1990's Sergei Fedorov
45%
New York Islanders 1980's Denis Potvin
44%
New Jersey Devils/ Anahiem Ducks 1990's Scott Niedermayer
44%
New York Rangers 1990's Brian Leetch
43%
New York Islanders/ Buffalo Sabres 1980's Pat LaFontaine
43%
Detroit Red Wings 1990's Brendan Shanahan
42%
Montreal Canadiens 1917-1967 Jean Beliveau
42%
Chicago Blackhawks 1980's Denis Savard
39%
Montreal Canadiens 1970's Ken Dryden
39%
Montreal Canadiens 1970's Serge Savard
39%
Montreal Canadiens 1917-1967 Jacques Plante
38%
Calgary Flames 1980's Al MacInnis
37%
Montreal Canadiens 1970's Larry Robinson
37%
Washington Capitals 1980's Mike Gartner
36%
Quebec Nordiques 1980's Peter Stastny
36%
Buffalo Sabres 1970's Gilbert Perreault
34%
St. Loius Blues/ Boston Bruins 1990's Adam Oates
31%
Detroit Red Wings 1917-1967 Terry Sawchuk
31%
Montreal Canadiens 1917-1967 Toe Blake
31%
Toronto Maple Leafs 1970's Darryl Sittler
30%
Boston Bruins 1917-1967 Johnny Bucyk
29%
Toronto Maple Leafs 1917-1967 Tim Horton
29%
Toronto Maple Leafs 1980's Borje Salming
28%
Chicago Blackhawks 1917-1967 Glenn Hall
28%
Philedelphia Flyers 1970's Bernie Parent
27%
Dallas Stars 1990's Joe Nieuwendyk
27%
Detroit Red Wings 1917-1967 Ted Lindsay
27%
Montreal Canadiens 1917-1967 Howie Morenz
26%
Montreal Canadiens 1917-1967 Georges Vezina
25%
Montreal Canadiens 1970's Yvan Cournoyer
24%
Montreal Canadiens 1917-1967 Doug Harvey
23%
Montreal Canadiens 1917-1967 Bernie Geoffrion
22%
New York Rangers/ Boston Bruins 1970's Brad Park
22%
Boston Bruins 1917-1967 Eddie Shore
22%
Toronto Maple Leafs 1917-1967 Johnny Bower
22%
Detroit Red Wings 1917-1967 Sid Abel
22%
Toronto Maple Leafs 1917-1967 Dave Keon
21%
Detroit Red Wings 1917-1967 Alex Delvecchio
20%
Montreal Canadiens 1970's Bob Gainey
20%
Detroit Red Wings/ Toronto Maple Leafs 1917-1967 Frank Mahovlich
20%
Detroit Red Wings/ Toronto Maple Leafs 1917-1967 Red Kelly
20%
Toronto Maple Leafs 1917-1967 Syl Apps
20%
New York Rangers 1970's Jean Ratelle
19%
Montreal Canadiens 1917-1967 Elmer Lach
18%
Montreal Canadiens 1970's Jacques Lemaire
18%
Toronto Maple Leafs 1917-1967 Turk Broda
17%
New York Rangers 1917-1967 Andy Bathgate
16%
Montreal Canadiens 1917-1967 Dickie Moore
16%
Toronto Maple Leafs 1917-1967 Charlie Conacher
15%
Boston Bruins 1917-1967 Milt Schmidt
15%
Ottawa Senators/ Toronto Maple Leafs 1917-1967 King Clancy
13%
Chicago Blackhawks/ Toronto Maple Leafs 1917-1967 Max Bentley
11%
Toronto Maple Leafs 1917-1967 Ted Kennedy
11%
Montreal Canadiens 1917-1967 Bill Durnan
10%
No matching quizzes found
Score Distribution
Percent of People with Each Score
Percentile by Number Answered
Your Score History
You have not taken this quiz